000 00624nam a2200229Ia 4500
003 OSt
005 20221007071227.0
006 a|||||r|||| 00| 0
007 ta
008 221006b |||||||| |||| 00| 0 eng d
024 _a15,027
037 _cTextual
040 _aFLL
_cFLL
_beng
041 _2eng
_aeng
082 _aX:9581.73.N7, L7
100 _aTolley G.S. Au.
_9688355
245 0 _aIncome support policies for the aged
260 _aLondon
_bBallinger Pub. London
_c1977
300 _a194p
_ccm.
942 _hX:9581.73.N7, L7
_cTEXL
_2CC
999 _c1142797
_d1142797